| 000 -LEADER |
| fixed length control field |
01108cam a2200229 a 4500 |
| 020 ## - INTERNATIONAL STANDARD BOOK NUMBER |
| ISBN |
0880225165 (pbk.) : |
| 040 ## - CATALOGING SOURCE |
| Transcribing agency |
DLC |
| 082 00 - DEWEY DECIMAL CLASSIFICATION NUMBER |
| Classification number |
650 QUE 1989 A054 Or. |
| 245 00 - TITLE STATEMENT |
| Title |
1-2-3 release 2.2 business applications / |
| 250 ## - EDITION STATEMENT |
| Edition statement |
Rev. for 1-2-3 release 2.2 / |
| 260 ## - PUBLICATION, DISTRIBUTION, ETC. (IMPRINT) |
| Place of publication |
Carmel, IN : |
| Name of publisher |
Que, |
| Year of publication |
c1989. |
| 300 ## - PHYSICAL DESCRIPTION |
| Number of Pages |
xiv, 464 p. : |
| Other physical details |
ill. ; |
| Dimensions |
24 cm. + |
| Accompanying material |
1 computer disk (5 1/4 in.) |
| 500 ## - GENERAL NOTE |
| General note |
Cover title: 1-2-3 business applications. |
| 500 ## - GENERAL NOTE |
| General note |
"Covers releases 2.01 & 2.2"--Cover. |
| 500 ## - GENERAL NOTE |
| General note |
System requirements for computer disk: A PC or compatible computer based on the 8088, 8086, 80286, 80386, or similar microprocessor (including the IBM PC, PC AT, or PS/2, or Compaq, AT&T, and other machines); 512K RAM; Lotus 1-2-3, release 2.01 or 2.2; 2 disk drives or at least 1 double-sided disk drive and a hard disk drive; monochrome or color monitor (graphics card and monitor for using graphing functions); printer. |
| 500 ## - GENERAL NOTE |
| General note |
Includes index. |
| 650 #0 - SUBJECT ADDED ENTRY--TOPICAL TERM |
| Topical Term |
Business |
| 650 #0 - SUBJECT ADDED ENTRY--TOPICAL TERM |
| Topical Term |
Electronic spreadsheets. |
| 700 1# - ADDED ENTRY--PERSONAL NAME |
| Personal name |
Miezejeski, Thomas. |
| 710 2# - ADDED ENTRY--CORPORATE NAME |
| Corporate name or jurisdiction name as entry element |
Que Corporation. |
| 942 ## - ADDED ENTRY ELEMENTS (KOHA) |
| Koha item type |
សៀវភៅភាសាអង់គ្លេស |
| 952 ## - LOCATION AND ITEM INFORMATION (KOHA) |
| Withdrawn status [LOCAL, KOHA] |
0 |